Statistics for States Bordering Tennessee: With a Map

Click here to take the quiz!

General Stats

  • This quiz has been taken 189 times
  • The average score is 8 of 8

Answers on the Map

Answers color-coded by a green-red scale on the quiz's map according to % correct below.
 

Answer Stats

State% Correct
Alabama
99%
Georgia
98%
Kentucky
98%
North Carolina
98%
Virginia
97%
Arkansas
96%
Mississippi
96%
Missouri
94%

Score Distribution

Percentile by Number Answered

Percent of People with Each Score

Your Score History

You have not taken this quiz